The fabrication of labor : Germany and Britain, 1640-1914

Saved in:
Bibliographic Details
Main Author: Biernacki, Richard 1956-
Format: Book
Language:English
Published: Berkeley : University of California Press, c1995
Series:Studies on the history of society and culture ; ; 22
Subjects:
Tags: Add Tag
No Tags, Be the first to tag this record!

MARC

LEADER 00000nam a2200000 i 4500
001 1/26046
008 981214s1995 eng d
020 |a 0-520-08491-8 
035 |l 10037487 
040 |a GR-MY-UA  |b gre  |e aacr 
041 0 |a eng 
082 0 |a 305.5620941 
100 1 |a Biernacki, Richard  |d 1956- 
245 1 4 |a The fabrication of labor :  |b Germany and Britain, 1640-1914 /  |c Richard Biernacki 
260 |a Berkeley :   |b University of California Press,   |c c1995 
300 |a 569 p. 
490 1 |a Studies on the history of society and culture  |v ; 22 
504 |a Includes bibliographical references and index 
650 0 0 |a Working class  |z Germany  |x History. 
650 0 0 |a Working class  |z Great Britain  |x History. 
650 0 0 |a Labor movement  |z Germany  |x History. 
650 0 0 |a Labor movement  |z Great Britain  |x History. 
830 0 |a Studies on the history of society and culture ;  |v ; 22 
852 |a INST  |b LESVOS  |e 19981214  |h 305.5620941 BIE  |p 005100017369  |q 005100017369  |t BK  |y 0 
901 |a BIBL-1999-1 
909 |a Λ  |b 061034 
922 |a 1ΕΛΗ  |b 199811  |c ΚΠΣ/ΤΚ  |d ΠΑΠΑΣΩΤΗΡΙΟΥ 
950 |a 103-1998-07-27